| 000 | 00623nam a22002057a 4500 | ||
|---|---|---|---|
| 999 |
_c15213 _d15213 |
||
| 003 | AR-CdUCM | ||
| 008 | 190426b ||||| |||| 00| 0 spa d | ||
| 040 |
_aMUNICIPALIDAD PROVINCIAL DEL CUSCO _cBIBLIOTECA MUNICIPAL DEL CUSCO |
||
| 082 |
_aES / 808 / _bH12 |
||
| 110 |
_aWalt Disney _926714 |
||
| 245 | _aHacia Marte y mas alla / | ||
| 260 |
_aMexico : _bFernández, _c1962. |
||
| 300 |
_a52 paginas ; _bilustraciones, grafico, dibujos _c23 cm. |
||
| 500 | _aCuentos e historias | ||
| 650 |
_aCuento _94671 |
||
| 650 |
_aHistoria _9136 |
||
| 650 |
_aLiteratura _983 |
||
| 942 |
_2ddc _cLIBROS |
||
| 945 |
_apjha _d2019-04-26 |
||